000 00740nam a2200217Ia 4500
005 20241129105927.0
008 241129s9999||||xx |||||||||||||| ||und||
020 _a978-93-95737-41-8
037 _aTB
040 _aARTS
_bhin
_cARTS
041 _ahin
_2hin
084 _aO44,1:g R2
_qARTS
100 _aमहेन्द्र मधुकर, ले.
245 0 _aभारतीय काव्यशास्त्र
_cमहेन्द्र मधुकर, ले.
260 _aनई दिल्ली, भारत
_bराजकमल प्रकाशन
_c2022
300 _a405पृ0
365 _aINR
_b1295
650 _aIndian Poetry
_9581707
942 _cTB
_hO44,1:g R2
999 _c1226617
_d1226617